000
00340nam a22001457a 4500
008
210312b ||||| |||| 00| 0 eng d
020
_a
9780534579555
041
_a
eng
080
_a
316
082
_a
316
100
_a
50
101
_a
SOC
245
_a
Environment Energy and Society a new Synthesis
_c
Humphrey, C. R
942
_2
udc
_c
BK
999
_c
56522
_d
56522